00522nam a22001937a 45000010005000000030009000050050017000140070005000310080033000360200015000690400022000841000017001062400025001232450081001482600033002293000025002627000015002877000026003020179DO-SdBNP20180306095336.00179151005b 200 1983 sp 00| 0 spa d a8474193109 aBPMSUbspacBPMSU1 aGoscinny, R.13aLe fils d´Astérix13aEl hijo de Astérix /cR. Goscinny, A. Uderzo ; traducción Víctor Mora aBarcelona :bJunior, c1983. a48 p :bil..c30 cm.1 aUderzo, A.1 aMora, Victor, etrad.